000 01468nam a2200349 i 4500
001 bg
100 1 _aKRAMER, Matthias.
245 1 0 _aMiędzynarodowe zarządzanie środowiskiem.
_nT.1,
_pInterdyscyplinarne założenia proekologicznego zarządzania przedsiębiorstwem /
_cMatthias Kramer, Maria Urbaniec, Andrzej Kryński (red.) ; [tł. Zespół Polsko-Niemieckiego Instytutu Zarządzania Środowiskiem pod kier. Ludgardy Buzek oraz Marii Urbaniec].
260 _aWarszawa :
_bWydaw. C.H. Beck,
_c2004.
300 _aLI, 523 s. ;
_c24 cm.
490 1 _aStudia Ekonomiczne
504 _aBibliogr. przy rozdz.
650 9 _aOchrona środowiska
_xzarządzanie
_zkraje Unii Europejskiej
650 9 _aOchrona środowiska
_xorganizacja
_zkraje Unii Europejskiej
650 9 _aOchrona środowiska
_xpolityka
_xUnia Europejska
650 9 _aPrawo ochrony środowiska międzynarodowe
_ystan na 2003 r.
650 9 _aPrzedsiębiorstwo
_xorganizacja
655 _aPodręczniki akademickie
700 1 _aKRAMER, Mathias.
700 1 _aURBANIEC, Maria.
700 1 _aKRYŃSKI, Andrzej.
_eRed.
700 1 _aBUZEK, Ludgarda.
_eTł.
830 _aStudia Ekonomiczne
020 _a8373876464
040 _cBPK
041 1 _apol
080 _a504:349.6](4-67):658.1/.5.012(075.8)
920 _a83-7387-646-4
942 _cKS
008 s pl f |000 0 pol
999 _c45606
_d45606
856 _uhttp://koha.tu.koszalin.pl/cgi-bin/koha/opac-detail.pl?biblionumber=45606
_yKatalog online BPK